000 00736nam a2200241 a 4500
008
020 _a0751705101 (pbk.)
049 _aMAIN
090 _aHF5681.B2
_bASS
110 1 _aAssociation of Chartered Certified Accountants.
245 1 0 _aPreparing financial statements :
_bACCA study text, international stream paper 1.1 /
_cACCA
250 _a2nd ed.
260 _aLondon :
_bBPP,
_c2002.
300 _axxvi, 570 p. ;
_c29 cm.
440 _aACCA practice and revision kit.
500 _aIncludes index.
650 _aFinancial statements.
907 _a.b10268613
_b20-03-13
_c07-10-09
003
005 20230123124954.0
040 _cNUST
942 _cBOOKS
_kHF5681.B2
_mASS
999 _c133484
_d133484